Annual review of biochemistry. V 64 (Record no. 40795)

MARC details
000 -LEADER
fixed length control field 00450nam a2200169Ia 4500
082 ## - DEWEY DECIMAL CLASSIFICATION NUMBER
Classification number 577.1
Item number ANN.64
245 #0 - TITLE STATEMENT
Title Annual review of biochemistry. V 64
260 ## - PUBLICATION, DISTRIBUTION, ETC. (IMPRINT)
Place of publication California
Name of publisher Annual Reviews Inc
Year of publication 1995
650 ## - SUBJECT ADDED ENTRY--TOPICAL TERM
Topical Term Collagens
650 ## - SUBJECT ADDED ENTRY--TOPICAL TERM
Topical Term DNA processing
650 ## - SUBJECT ADDED ENTRY--TOPICAL TERM
Topical Term mycobacteria
650 ## - SUBJECT ADDED ENTRY--TOPICAL TERM
Topical Term Nuclear ponecomplex
650 ## - SUBJECT ADDED ENTRY--TOPICAL TERM
Topical Term Protein-RNA
700 ## - ADDED ENTRY--PERSONAL NAME
Personal name Richardson, Charles C
942 ## - ADDED ENTRY ELEMENTS (KOHA)
Koha item type Books
Holdings
Withdrawn status Lost status Damaged status Not for loan Home library Current library Date acquired Cost, normal purchase price Full call number Accession Number Koha item type
        RRII Library RRII Library 16/12/2021 55.00 577.1 ANN.64 21090 Books